| 000 | 005380000a22001930004500 | ||
|---|---|---|---|
| 001 | 001714 | ||
| 003 | MACL | ||
| 005 | 20150819152721.0 | ||
| 008 | 150819b xxu||||| |||| 00| 0 eng d | ||
| 040 |
_aMACL _cMACL |
||
| 041 | _aEnglish | ||
| 082 | _a600.72/SEE | ||
| 100 |
_aSeeger, Anthony _96275 |
||
| 245 |
_aArchives For The Future _bGlobal Perspectives On Audiovusual Archives In The 21 st Century _cAnthony Seeger |
||
| 260 |
_aCalcutta _c2004 _bSeagull Books, |
||
| 350 | _a350 | ||
| 650 |
_aTechnology _959 |
||
| 942 |
_k600 _cBK _2ddc |
||
| 999 |
_c13632 _d13632 |
||